An elementary treatise on the integral calculus (Record no. 796)

MARC details
000 -LEADER
fixed length control field 00506nam a2200169Ia 4500
003 - CONTROL NUMBER IDENTIFIER
control field IN-BaIIA
008 - FIXED-LENGTH DATA ELEMENTS--GENERAL INFORMATION
fixed length control field 211028s9999 xx 000 0 eng d
040 ## - CATALOGING SOURCE
Transcribing agency IIA Library
080 ## - UNIVERSAL DECIMAL CLASSIFICATION NUMBER
Universal Decimal Classification number 517.3
Item number WIL
100 ## - MAIN ENTRY--PERSONAL NAME
Personal name Williamson, Benjamin
9 (RLIN) 1715
245 #3 - TITLE STATEMENT
Title An elementary treatise on the integral calculus
Statement of responsibility, etc. Benjamin Williamson
260 ## - PUBLICATION, DISTRIBUTION, ETC.
Place of publication, distribution, etc. London
Name of publisher, distributor, etc. Longmans, Green
Date of publication, distribution, etc. 1938
300 ## - PHYSICAL DESCRIPTION
Extent xvii, 520p.
650 ## - SUBJECT ADDED ENTRY--TOPICAL TERM
Topical term or geographic name entry element Integral Calculus
9 (RLIN) 1716
650 ## - SUBJECT ADDED ENTRY--TOPICAL TERM
Topical term or geographic name entry element Mathematics
9 (RLIN) 82
942 ## - ADDED ENTRY ELEMENTS (KOHA)
Koha item type Books
Holdings
Withdrawn status Lost status Damaged status Not for loan Home library Current library Shelving location Date acquired Cost, normal purchase price Total Checkouts Full call number Barcode Date last seen Cost, replacement price Price effective from Koha item type Purchase Price
        IIA Library-Bangalore IIA Library-Kodaikanal General Stacks   8.75   517.3/ WIL 822 05/11/2021 8.75   Books Rs. 8.75

Powered by Koha